El problema de la culpa (Record no. 15604)

MARC details
000 -LEADER
campo de control de longitud fija 01018nam a2200289 i 4500
001 - NÚMERO DE CONTROL
campo de control 15604
003 - IDENTIFICADOR DE NÚMERO DE CONTROL
campo de control ES-MaACL
005 - FECHA Y HORA DE LA ÚLTIMA TRANSACCIÓN
campo de control 20230906151119.0
007 - CAMPO FIJO DE DESCRIPCIÓN FÍSICA--INFORMACIÓN GENERAL
campo de control de longitud fija t|
008 - DATOS DE LONGITUD FIJA--INFORMACIÓN GENERAL
campo de control de longitud fija 000405s1998 sp ||||0| spa j
020 ## - NÚMERO INTERNACIONAL ESTÁNDAR DEL LIBRO
Número Internacional Estándar del Libro 84-493-0561-6
040 ## - FUENTE DE CATALOGACIÓN
Centro catalogador/agencia de origen M-BN
Lengua de catalogación spa
Centro/agencia transcriptor M-BN
080 ## - NÚMERO DE LA CLASIFICACIÓN DECIMAL UNIVERSAL
Número de la Clasificación Decimal Universal 17:32(430)
100 1# - ENTRADA PRINCIPAL--NOMBRE DE PERSONA
Nombre de persona Jaspers, Karl.
9 (RLIN) 66154
245 13 - MENCIÓN DEL TÍTULO
Título El problema de la culpa
Resto del título : sobre la responsabilidad política de Alemania /
Mención de responsabilidad, etc. Karl Jaspers ; introducción de Ernesto Garzón ; [traducción de Román Gutiérrez Cuartango].
250 ## - MENCION DE EDICION
Mención de edición 1ª ed.
260 ## - PUBLICACIÓN, DISTRIBUCIÓN, ETC.
Lugar de publicación, distribución, etc. Barcelona :
Nombre del editor, distribuidor, etc. Paidós :
-- I.C.E. de la Universidad Autónoma de Barcelona,
Fecha de publicación, distribución, etc. 1998.
300 ## - DESCRIPCIÓN FÍSICA
Extensión 133 p. ;
Dimensiones 20 cm.
490 1# - MENCIÓN DE SERIE
Mención de serie Pensamiento contemporáneo ;
Designación de volumen o secuencia 52
650 14 - PUNTO DE ACCESO ADICIONAL DE MATERIA--TÉRMINO DE MATERIA
Término de materia o nombre geográfico como elemento de entrada Ética política-
Subdivisión geográfica Alemania.
9 (RLIN) 12589
700 1# - ENTRADA AGREGADA--NOMBRE PERSONAL
Nombre de persona Garzón, Ernesto.
9 (RLIN) 55819
700 1# - ENTRADA AGREGADA--NOMBRE PERSONAL
Nombre de persona Gutiérrez Cuartango, Román.
9 (RLIN) 61110
830 0# - PUNTO DE ACCESO ADICIONAL DE SERIE-TÍTULO UNIFORME
Título uniforme Pensamiento contemporáneo ;
Designación de volumen o secuencia 52
9 (RLIN) 179725
852 ## - LOCALIZACIÓN
Ubicación ES-MaACL
Número de control de estantería L-22806
Sublocalización o colección R.127995
Holdings
Estatus retirado Estado de pérdida Estado de daño No para préstamo Biblioteca de origen Biblioteca actual Ubicación en estantería Fecha de adquisición Fuente de adquisición Total de préstamos Signatura topográfica completa Código de barras Visto por última vez Precio de reemplazo Tipo de ítem Koha
        Biblioteca del Ateneo de Madrid Biblioteca del Ateneo de Madrid Depósito 2 17/01/2008     L-22806 1015863 23/02/2023 23/02/2023 Libro impreso